00461nam a22001577a 450000500170000000800410001704000210005804100080007908200130008724500730010025000120017326000360018530000100022165000380023170000340026920240613084315.0240613b |||||||| |||| 00| 0 eng d aIN-DiNCcIN-DiNC dasm a413bCHA aChaturbhashi aru tri bhashi shabdakosh/ced. by Niharendra Chowdhury a1st ed. aGuwahati:bGranthapeeth,c2016. a166p. aFour and three language word book aChowdhury, NiharendraeEditor